Hamza en feat - Statistiques

Statistiques générales
  • Ce quiz a été pris 46 fois
  • Le résultat moyen est 14 sur 29
Statistiques - réponses
Projet Titre Artiste % Correct
Santa Sauce 2 God Bless Damso
97%
Sincèrement Nocif Damso
87%
Sincèrement Atasanté Part. 2 Tiakola
87%
Paradise Dale x Love Therapy Aya Nakamura
85%
Santa Sauce 2 Gasolina Gambi
85%
MANIA Dragons Werenoi
79%
Sincèrement Sadio Offset
72%
Paradise HS SCH
72%
Santa Sauce 2 Bac +12 Koba la D
69%
Paradise Minuit 13 Christine and the Queens
67%
MANIA Toxic Rema
62%
Paradise Clic clac 13 Block
56%
Paradise Minuit 13 Oxmo Puccino
56%
140 BPM 2 Réel Zed
56%
Zombie Life Slow Damso
49%
140 BPM 2 Spaghetti Gazo
46%
140 BPM 2 Hara-Kiri Kaaris
46%
140 BPM 2 Spaghetti Guy2Bezbar
41%
Sincèrement Cocoro CKay
36%
140 BPM 2 Don't Tell Headie One
33%
Zombie Life Rari Ateyaba/Joke
28%
Paradise Madonna A.CHAL
18%
Santa Sauce Broccoli Dolfa
15%
Santa Sauce 2 Benzo Young Adz
15%
New Casanova El Dorado Ramriddlz
10%
MANIA Location Byron Messia
8%
Zombie Life House B la B
5%
Recto Verso Pull-Up MK
3%
Recto Verso C'est la folie Shotgun-G
0%
Aucun quiz correspondant
Distribution des résultats
% des personnes avec chaque résultat
Percentile par nombre de réponses
Votre historique - résultats
Vous n’avez pas pris ce quiz